[Event "Hessen-ch Gr-E"]
[Site "Idstein"]
[Date "2009.04.11"]
[Round "4"]
[White "Gunst, Kevin"]
[Black "Faber, Stephan"]
[Result "1/2-1/2"]
[WhiteElo "1404"]
[BlackElo "1467"]
[PlyCount "90"]
[EventDate "2009.04.10"]
[EventType "swiss"]
[EventRounds "5"]
[EventCountry "GER"]
[SourceTitle "EXT 2010"]
[Source "ChessBase"]
[SourceDate "2010.11.25"]
[SourceVersion "1"]
[SourceVersionDate "2010.11.25"]
[SourceQuality "1"]

1. e4 g6 2. d4 Bg7 3. Nf3 Nf6 4. Nc3 d6 5. Be2 0-0 6. 0-0 c5 7. dxc5 dxc5 8. Be3 b6 9. Qxd8 Rxd8 10. Rad1 Bd7 11. Ne5 Nc6 12. Nxd7 Nxd7 13. Bb5 Nd4 14. Ba4 a6 15. Bxd7 Rxd7 16. Rd2 Rad8 17. Rfd1 Kf8 18. Kf1 Ke8 19. Na4 Nxc2 20. Rxd7 Nxe3+ 21. fxe3 Rxd7 22. Rxd7 Kxd7 23. Nxb6+ Kc6 24. Nc4 Kb5 25. b3 a5 26. Ke2 a4 27. Kd3 axb3 28. axb3 Kb4 29. Kc2 h5 30. h3 Bc3 31. g3 f5 32. Nb6 e6 33. Nc4 Be1 34. Ne5 Bxg3 35. Nxg6 Bf2 36. exf5 exf5 37. Nf4 Bg1 38. Nxh5 Bxe3 39. Ng3 f4 40. Nf1 Bf2 41. Nd2 Bh4 42. Nf3 Bf6 43. h4 Kb5 44. h5 Kc6 45. Kd3 Kd5 1/2-1/2